| Tag |
First Indicator |
Second Indicator |
Subfields |
| LEADER |
00000cam a22000008a 4500 |
| 001 |
in00000031146 |
| 005 |
20151007060313.0 |
| 008 |
871229s1988 nju b 00110 eng |
| 010 |
|
|
|a 87037659
|
| 020 |
|
|
|a 0912051175
|
| 020 |
|
|
|a 0912051183 (pbk.)
|
| 035 |
|
|
|a (OCoLC)17354642
|
| 035 |
|
|
|9 AAC0535AM
|
| 040 |
|
|
|a DLC
|c DLC
|d TXA
|d UtOrBLW
|
| 049 |
|
|
|a TXAM
|c [A11075926]
|
| 050 |
0 |
0 |
|a H91
|b .W56 1988
|
| 082 |
0 |
|
|a 303
|2 19
|
| 100 |
1 |
|
|a Wildavsky, Aaron B.
|
| 245 |
1 |
0 |
|a Searching for safety /
|c Aaron Wildavsky.
|
| 263 |
|
|
|a 8801
|
| 264 |
|
1 |
|a New Brunswick, USA :
|b Transaction Books,
|c 1988.
|
| 300 |
|
|
|a xii, 253 pages
|
| 336 |
|
|
|a text
|b txt
|2 rdacontent
|
| 337 |
|
|
|a unmediated
|b n
|2 rdamedia
|
| 338 |
|
|
|a volume
|b nc
|2 rdacarrier
|
| 490 |
1 |
|
|a Studies in social philosophy & policy ;
|v no. 10
|
| 500 |
|
|
|a At head of title: Social Philosophy & Policy Center.
|
| 500 |
|
|
|a Series statement from jacket.
|
| 504 |
|
|
|a Bibliography: pages 229-250.
|
| 500 |
|
|
|a Includes index.
|
| 650 |
|
0 |
|a Risk.
|
| 650 |
|
0 |
|a Uncertainty.
|
| 650 |
|
0 |
|a Safety regulations.
|
| 650 |
|
0 |
|a Health.
|
| 650 |
|
0 |
|a Policy sciences.
|
| 710 |
2 |
|
|a Bowling Green State University.
|b Social Philosophy & Policy Center.
|
| 830 |
|
0 |
|a Studies in social philosophy & policy ;
|v no. 10.
|
| 999 |
|
|
|a MARS
|
| 999 |
f |
f |
|s 4480b8b2-764e-39c6-bda8-a709eda320cb
|i 46d1e2e2-948a-31a3-8933-35aac1cce44a
|t 0
|
| 952 |
f |
f |
|p ric
|a Texas A&M University
|b Rellis Campus
|c Joint Library Facility
|d Remote Storage
|t 0
|e H91 .W56 1988
|h Library of Congress classification
|i unmediated -- volume
|m A14811075926
|
| 998 |
f |
f |
|a H91 .W56 1988
|t 0
|l Remote Storage
|